| 000 | 00387nam a22001337a 4500 | ||
|---|---|---|---|
| 040 | _cNUST | ||
| 082 | _a200 THE | ||
| 100 |
_aUmmama Aslam _9118485 |
||
| 110 | _aSupervisor: Dr. Arslan Shaukat | ||
| 245 | _aTH-SOF-2220-Generative Adversarial Networks for Blind Image Deblurring | ||
| 260 |
_aISLAMABAD: _bNUST COLLEGE OF EME, _c2023. |
||
| 650 |
_aMS-CE-19 _9118384 |
||
| 942 |
_2ddc _cTHE |
||
| 999 |
_c603419 _d603419 |
||